00717nam a2200229 a 4500001001300000003000900013005001700022008004100039020002300080082001600103100001800119245006100137260005000198300000900248500003500257650001600292700001800308902000800326942000700334952012900341999001700470nice12345678IN_TiNIC20260116014208.0071218s2006 newa grp 000 0 eng  a8175963204 c49500a340.59bCOO aCook, Michael aCommanding Right and Forbidding Wrong in Islamic Thought aNew Delhi bCambridge University Press c2006 a702p aincludes index and biblioraphy aIslamic-Law1 aCook, Michael bSRS cBK 001040708StackRoom-aHMIbHMId2011-08-19g495.00l1o340.59 COOp022170r2017-08-30s2017-08-10v495.00w2007-12-18yBK c14272d14272